Granada : (Registro nro. 4020)
[ vista simple ]
| 000 -LEADER | |
|---|---|
| fixed length control field | 01329nam a2200253Ia 4500 |
| 003 - CONTROL NUMBER IDENTIFIER | |
| control field | OSt |
| 005 - DATE AND TIME OF LATEST TRANSACTION | |
| control field | 20200420171112.0 |
| 008 - FIXED-LENGTH DATA ELEMENTS--GENERAL INFORMATION | |
| fixed length control field | 191128s2016 ck o gr 000 0 spa d |
| 020 ## - INTERNATIONAL STANDARD BOOK NUMBER | |
| International Standard Book Number | 9789588944357 |
| 040 ## - CATALOGING SOURCE | |
| Original cataloging agency | CO-JMCR |
| Transcribing agency | CO-JMCR |
| 041 0# - LANGUAGE CODE | |
| Language code of text/sound track or separate title | spa |
| 082 04 - DEWEY DECIMAL CLASSIFICATION NUMBER | |
| Classification number | 303.6 / |
| Item number | V712g |
| 100 1# - MAIN ENTRY--PERSONAL NAME | |
| Personal name | Villa Martínez, Marta Inés, |
| Relator term | relatora |
| 9 (RLIN) | 3300 |
| 245 10 - TITLE STATEMENT | |
| Title | Granada : |
| Remainder of title | memorias de guerra, resistencia y reconstrucción / |
| Statement of responsibility, etc. | Marta Inés Villa Martínez |
| 250 ## - EDITION STATEMENT | |
| Edition statement | Primera edición |
| 260 ## - PUBLICATION, DISTRIBUTION, ETC. | |
| Place of publication, distribution, etc. | Bogotá : |
| Name of publisher, distributor, etc. | Centro de Memoria Historica, |
| Date of publication, distribution, etc. | 2016 |
| 300 ## - PHYSICAL DESCRIPTION | |
| Extent | 377 páginas ; |
| Dimensions | 25 cm. |
| 500 ## - GENERAL NOTE | |
| General note | Informe del Centro Nacional de Memoria Histórica. |
| 505 ## - FORMATTED CONTENTS NOTE | |
| Formatted contents note | El escenario ¿por qué Granada? -- De la violencia a la guerra de verdad -- Granado entera se manchó de sangre -- Granada: un territorio herido -- Memorias de la dignidad: acciones para sobrevivir, resistir y sobreponerse a los impactos de la guerra |
| 520 ## - SUMMARY, ETC. | |
| Summary, etc. | Granada (Antioquia) es un municipio emblemático de la guerra y de la paz. Desde mediados de los años ochenta fue escenario de una cruenta disputa por el control de un territorio estratégico para la expansión militar, de la puja por la humanización. |
| 650 14 - SUBJECT ADDED ENTRY--TOPICAL TERM | |
| Topical term or geographic name entry element | Conflicto armado |
| Geographic subdivision | Granada |
| 9 (RLIN) | 3301 |
| 650 14 - SUBJECT ADDED ENTRY--TOPICAL TERM | |
| Topical term or geographic name entry element | Informes |
| General subdivision | Víctimas del conflicto armado |
| Geographic subdivision | Granada |
| 9 (RLIN) | 3302 |
| 942 ## - ADDED ENTRY ELEMENTS (KOHA) | |
| Source of classification or shelving scheme | Dewey Decimal Classification |
| Koha item type | Books |
| Withdrawn status | Lost status | Source of classification or shelving scheme | Materials specified (bound volume or other part) | Damaged status | Not for loan | Home library | Current library | Shelving location | Date acquired | Source of acquisition | Cost, normal purchase price | Total Checkouts | Full call number | Barcode | Date last seen | Copy number | Price effective from | Koha item type |
|---|---|---|---|---|---|---|---|---|---|---|---|---|---|---|---|---|---|---|
| Dewey Decimal Classification | Donación--12/04/2018-- | Biblioteca Pública José María del Castillo y Rada | Biblioteca Pública José María del Castillo y Rada | General Stacks | 11/28/2019 | Donación | 0.00 | 303.6 / V712g | 201808814 | 05/16/2024 | Ej.1 | 11/28/2019 | Books |